000 01550cam a22003974a 4500
001 13914870
003 OSt
005 20260210111345.0
008 050329s2004 enk b 001 0 eng
010 _a 2005272442
020 _a0855985305
020 _a9780855985301
035 _a13914870
040 _aDLC
_cDLC
_dDLC
042 _apcc
050 0 0 _aRA643.8
_b.H6475 2004
082 0 0 _a362.196/9792
_222
100 1 _aHolden, Sue.
245 1 0 _aMainstreaming HIV/AIDS in development and humanitarian programmes /
_cSue Holden.
260 _aOxford, UK :
_bOxfam, in association with Actionaid and Save the Children,
_cc2004.
300 _axii, 135 p. ;
_c22 cm.
336 _atext
_btxt
_2rdacontent
337 _aunmediated
_bn
_2rdamedia
338 _avolume
_bnc
_2rdacarrier
440 0 _aOxfam skills and practice
504 _aIncludes bibliographical references (p. 125-126) and index.
650 0 _aAIDS (Disease)
650 0 _aEconomic development projects
_xSocial aspects.
856 4 1 _3Table of contents
_uhttp://www.loc.gov/catdir/toc/fy0604/2005272442.html
856 4 2 _3Contributor biographical information
_uhttp://www.loc.gov/catdir/enhancements/fy1115/2005272442-b.html
856 4 2 _3Publisher description
_uhttp://www.loc.gov/catdir/enhancements/fy1115/2005272442-d.html
906 _a7
_bcbc
_corignew
_d2
_encip
_f20
_gy-gencatlg
942 _2ddc
_cBK
999 _c4144
_d4144